Liste des 50 meilleurs buteurs en sélection nationale de foot - Statistiques

Statistiques générales
  • Ce quiz a été pris 180 fois
  • Le résultat moyen est 18 sur 50
Statistiques - réponses
Pays Nombre de buts Réponse % Correct
Portugal 128 Cristiano Ronaldo
100%
Argentine 106 Lionel Messi
99%
Brésil 62 Ronaldo
99%
France 57 Olivier Giroud
88%
Brésil 79 Neymar
87%
Belgique 83 Romelu Lukaku
83%
Allemagne 68 Gerd Müller
81%
Uruguay 68 Luis Suárez
81%
Brésil 77 Pelé
81%
Pologne 74 Robert Lewandowski
81%
Cote d'Ivoire 65 Didier Drogba
76%
Uruguay 58 Edinson Cavani
74%
Suède 62 Zlatan Ibrahimović
73%
Hongrie 84 Ferenc Puskás
71%
Angleterre 62 Harry Kane
71%
Cameroun 56 Samuel Eto'o
71%
Allemagne 71 Miroslav Klose
64%
Espagne 59 David Villa
61%
Bosnie-Herzégovine 65 Edin Džeko
60%
Irlande 66 Robbie Keane
42%
Argentine 54 Gabriel Batistuta
33%
Brésil 55 Romário
33%
Etats-Unis 57 Landon Donovan
32%
Etats-Unis 57 Clint Dempsey
23%
Serbie 57 Aleksandar Mitrović
20%
Iran 109 Ali Daei
19%
Tchéquie 55 Jan Koller
16%
Hongrie 75 Sándor Kocsis
10%
Inde 94 Sunil Chhetri
6%
Egypte 66 Hossam Hassan
5%
Japon 55 Kazuyoshi Miura
4%
Trinité et Tobago 65 Stern John
4%
Irak 54 Younis Mahmoud
2%
Maldives 56 Ali Ashfaq
1%
Emirats arabes unis 83 Ali Mabkhout
1%
Koweit 56 Bader Al-Mutawa
1%
Koweit 75 Bashar Abdullah
1%
Honduras 56 Carlos Pavón
1%
Guatemala 68 Carlos Ruiz
1%
Corée du Sud 56 Cha Bum-geun
1%
Zambie 75 Godfrey Chitalu
1%
Irak 65 Hussein Saeed
1%
Malawi 66 Kinnah Phiri
1%
Arabie Saoudite 72 Majed Abdullah
1%
Malaisie 85 Mokhtar Dahari
1%
Thailande 65 Piyapong Pue-on
1%
Irak 54 Ahmed Radhi
0%
Hongrie 59 Imre Schlosser-Lakatos
0%
Koweit 63 Jasem Al-Huwaidi
0%
Thailande 71 Kiatisak Senamueang
0%
Aucun quiz correspondant
Distribution des résultats
% des personnes avec chaque résultat
Percentile par nombre de réponses
Votre historique - résultats
Vous n’avez pas pris ce quiz